|
|
|
|
| LEADER |
00826nam a2200241 i 4500 |
| 001 |
c000075835 |
| 003 |
CARM |
| 005 |
00000000000000.0 |
| 008 |
801024s1980 enk 00011 eng d |
| 015 |
|
|
|a B8034128
|
| 019 |
1 |
|
|a 1871014
|5 LACONCORD2021
|
| 020 |
|
|
|a 0709183070 :
|c L.4.25
|
| 035 |
|
|
|a (OCoLC)16482119
|5 LACONCORD2021
|
| 100 |
2 |
|
|a O'Conner, Bert.
|
| 245 |
1 |
0 |
|a Morgan Valley /
|c by Bert O'Conner.
|
| 260 |
|
|
|a London :
|b Hale,
|c 1980.
|
| 300 |
|
|
|a 153p ;
|c 20cm.
|
| 500 |
|
|
|a Fiction in English, 1900-. Texts (BNB/PRECIS)
|
| 650 |
|
0 |
|a English fiction.
|
| 852 |
8 |
|
|b CARM
|h A2:AB27G0
|i A01501
|p 0120794
|f BK
|
| 082 |
0 |
4 |
|a 823/.9/1F
|
| 999 |
f |
f |
|i 88522c66-13d4-52c8-9930-768cc5b4f9a1
|s 701c560c-2b7c-5c67-888d-528af59ebb38
|
| 952 |
f |
f |
|p Can circulate
|a CAVAL
|b CAVAL
|c CAVAL
|d CARM 1 Store
|e A01501
|f A2:AB27G0
|h Other scheme
|i book
|m 0120794
|